Who Wrote That? #18 - Statistics

General Stats
  • This quiz has been taken 58 times
  • The average score is 3 of 10
Answer Stats
Hint Explanation Answer % Correct
“The creatures outside looked from pig to man, and from man to pig, and from pig to man again; but already it was impossible to say which was which.” Animal Farm George Orwell
85%
“We are such stuff as dreams are made on, and our little life is rounded with a sleep.” The Tempest William Shakespeare
73%
“‘But man is not made for defeat,’ he said. ‘A man can be destroyed but not defeated.’” The Old Man and the Sea Ernest Hemingway
36%
“Most men and women will grow up to love their servitude and will never dream of revolution.” Brave New World Revisited Aldous Huxley
30%
“All we can know is that we know nothing. And that’s the height of human wisdom.” War and Peace Leo Tolstoy
27%
“Anything worth dying for is certainly worth living for.” Catch-22 Joseph Heller
21%
“Life offers up these moments of joy despite everything.” Normal People Sally Rooney
21%
“As he read, I fell in love the way you fall asleep: slowly, and then all at once.” The Fault in Our Stars John Green
12%
“The world may be mean, but people don’t have to be, not if they refuse.” The Underground Railroad Colson Whitehead
9%
“We had made a fetish out of our misfortune, fallen in love with it.” The Dutch House Ann Patchett
6%
No matching quizzes found
Score Distribution
Percent of People with Each Score
Percentile by Number Answered
Your Score History
You have not taken this quiz